000 00298nam a22001337a 4500
008 181107b xxu||||| |||| 00| 0 eng d
020 _a9780534080648
041 _aeng
080 _a101
100 _a23
101 _aFIL
245 _aThe Questions Of Philosophy
_cRoth.J.K
942 _2udc
_cBK
999 _c52188
_d52188